| 000 | 00342nam a2200121Ia 4500 | ||
|---|---|---|---|
| 008 | 190723s9999 xx 000 0 und d | ||
| 020 | _a969946638-3 | ||
| 100 | _aTariq Hussain | ||
| 245 | 0 | _aNatural Resources and Sustainability in Pakistan, Middle East and Africa. | |
| 260 |
_aKarachi _bRB Publisher _c2016 |
||
| 300 | _a304: p | ||
| 942 | _cBK | ||
| 999 |
_c1481 _d1481 |
||